| 000 | 00361nam a2200133Ia 4500 | ||
|---|---|---|---|
| 008 | 210210b1965 xxu||||| |||| 00| 0 eng d | ||
| 082 | _a519.5 AMOS | ||
| 100 | _aAMOS (Jimmy R) and Others. | ||
| 245 | _aStatistical concepts: a basic program. | ||
| 260 |
_aLondon _bHarper & Row _c1965 |
||
| 300 | _aix,125 | ||
| 690 | _aMathematical Statistics | ||
| 906 | _a040765 | ||
| 999 |
_c90906 _d90906 |
||